Statistics for Minecraft 2

Click here to take the quiz!

General Stats

  • This quiz has been taken 685 times
    (683 since last reset)
  • The average score is 10 of 15

Answer Stats

HintAnswer% Correct
3 wool over 3 wooden planksBed
98%
CooksFurnace
88%
Most efficient tool for cobwebsSword
87%
Un-minable blockBedrock
86%
CreatesCrafting Table
86%
Smelted sandGlass
83%
Piston and a slimeballSticky Piston
79%
Occasionally drops wheat seedsGrass
74%
Block that burns foreverNetherrack
68%
Rotten flesh restores your hunger meter by...2
63%
3 cobblestone and a blaze rodBrewing Stand
61%
Iron golems drop iron and...Rose
56%
Dirt-like block in mushroom biomesMycelium
50%
Decorative stone found in dungeonsMoss Stone
22%
Alternate name for trapdoorHatch
20%

Score Distribution

Percentile by Number Answered

Percent of People with Each Score

Your Score History

You have not taken this quiz since the last reset